01993 2200277 4500001002100000005001500021035002000036007000300056008004100059020002200100082001000122084001900132100003100151245018700182300004400369650002200413700003700435700002800472505102700500740006401527264003401591336002101625337003001646338002301676990001601699INLIS00000000004398620220120085302 a0010-0122000070ta220120 g 0 ind  a978-623-241-997-1 a923.5 aSR 923.5 RIC s0 aRicklefs, M. C.epengarang1 aSamber nyawa :bkisah perjuangan seorang pahlawan nasional indonesia, pangeran mangkunagara I (1726-1795) /cM. C. Ricklefs, penerjemah, Muhammad Yuanda Zara; penyunting, Peter Carey axlvi, 578 halaman :bilustrasi ;c21 cm 4aBiografi Pahlawan0 aMuhammad Yuanda Zaraepenerjemah0 aPeter Careyepenyunting aMangkunegara 1 bukan hanya seorang raja yang menerima tahta begitu saja dari orangtuanya, atau bahkan dari Belanda. beliau seorang pahlawan yang memiliki sikap tegas atas ketidakadilan yang menimpa diri dan rakyatnya. semangat pahlawan yang mengobarkan perjuangan yang layak diteladani hingga saat ini. beliau seorang pribadi yang berani dan religius serta memegang teguh prinsip perjuangannya. Mangkunegara 1 adalah seorang pemikir, budayawan dan pemimpin yang unggul. beliau menganggap penting pencatatan sejarah dan mengangkat staf khusus untuk melakukan pencatatan sejarah dalam jengkal jengkal perjuangannya. Pemikirannya pun dituangkan beliau beberapa tulisan dan karya seni budaya. Beliau menciptakan motif batik, tarian dan berbagai karya seni yang merupakan perwujudan dari pemikiran kebudayaannya. Dengan begitu Mangkunegara 1 telah menjadi pemimpin yang yang penuh inspirasi, memiliki kesadaran kebudayaan dan fisik kebangsaan yang jelas. Beliau layak sebagai tauladan bagi para pemimpin bangsa di masa kini. asoul catcher: java's fiery prince mangkunagara I, 1726-1795 aJakarta :bBuku Kompas,c2021 2rdacontentateks 2rdamediaatanpa perantara 2rdacarrieravolume a49089.61909